Statistics for Super Bowl Champs

Click here to take the quiz!

General Stats

  • This quiz has been taken 170 times
    (133 since last reset)
  • The average score is 50 of 54

Answer Stats

Super BowlChampion% Correct
IGreen Bay Packers
99%
IIGreen Bay Packers
99%
XLVGreen Bay Packers
99%
XXXIGreen Bay Packers
99%
LIVKansas City Chiefs
98%
LIIINew England Patriots
98%
IXPittsburgh Steelers
97%
XPittsburgh Steelers
97%
XLIIIPittsburgh Steelers
97%
XLPittsburgh Steelers
97%
XIIIPittsburgh Steelers
97%
XIVPittsburgh Steelers
97%
VIDallas Cowboys
95%
XXVIIDallas Cowboys
95%
XXXDallas Cowboys
95%
XXVIIIDallas Cowboys
95%
XIIDallas Cowboys
95%
LIIPhiladelphia Eagles
94%
IVKansas City Chiefs
93%
XXXIIIDenver Broncos
92%
XXXIIDenver Broncos
92%
50Denver Broncos
92%
XVIIILos Angeles Raiders
92%
VIIIMiami Dolphins
92%
VIIMiami Dolphins
92%
XLIXNew England Patriots
92%
LINew England Patriots
92%
XXXIXNew England Patriots
92%
XXXVIIINew England Patriots
92%
XXXVINew England Patriots
92%
XVOakland Raiders
92%
XIOakland Raiders
92%
XVISan Francisco 49ers
92%
XXIVSan Francisco 49ers
92%
XXIXSan Francisco 49ers
92%
XIXSan Francisco 49ers
92%
XXIIISan Francisco 49ers
92%
XLVIIISeattle Seahawks
92%
XXXIVSt. Louis Rams
92%
XLVIIBaltimore Ravens
91%
XXXVBaltimore Ravens
91%
XLIINew York Giants
90%
XLVINew York Giants
90%
XXVNew York Giants
90%
XXINew York Giants
90%
IIINew York Jets
90%
XLIVNew Orleans Saints
89%
VBaltimore Colts
88%
XXChicago Bears
88%
XLIIndianapolis Colts
88%
XVIIWashington Redskins
87%
XXVIWashington Redskins
87%
XXIIWashington Redskins
87%
XXXVIITampa Bay Buccaneers
84%

Score Distribution

Percentile by Number Answered

Percent of People with Each Score

Your Score History

You have not taken this quiz since the last reset